| 000 | 00450nam a2200169Ia 4500 | ||
|---|---|---|---|
| 008 | 180207s9999 xx 000 0 und d | ||
| 020 | _a978068809239x | ||
| 050 | _bP924 1982 | ||
| 100 | _aPrelutsky, Jack. | ||
| 245 | 4 | _aThe baby Uggs are hatching / | |
| 245 | _cJack Prelutsky ; pictures by James Stevenson. | ||
| 260 | _aNew York : | ||
| 260 | _bMulberry Books, | ||
| 260 | _c1982 | ||
| 300 | _a32 pages : | ||
| 300 | _bcolor illustration ; | ||
| 999 |
_c355191 _d355191 |
||